Logo CIB grande

SEMILLAS (Registro nro. 211943)

Detalles MARC
000 -LEADER
campo de control de longitud fija 00874nam a2200253Ia 4500
003 - IDENTIFICADOR DE NÚMERO DE CONTROL
campo de control EC-GqESP
005 - FECHA Y HORA DE LA ÚLTIMA TRANSACCIÓN
campo de control 20251105134840.0
008 - DATOS DE LONGITUD FIJA--INFORMACIÓN GENERAL
campo de control de longitud fija 250425s9999 xx 000 0 und d
010 ## - NÚMERO DE CONTROL DE LA BIBLIOTECA DEL CONGRESO
Número de control de LC 23386
041 ## - CÓDIGO DE IDIOMA
Código de lengua del texto/banda sonora o título independiente spa
082 ## - NÚMERO DE LA CLASIFICACIÓN DECIMAL DEWEY
Número de clasificación 631.521
Iniciales del Autor DEP
100 ## - ENTRADA PRINCIPAL--NOMBRE DE PERSONA
Nombre de persona AA, S
245 #0 - MENCIÓN DEL TÍTULO
Título SEMILLAS
250 ## - MENCION DE EDICION
Mención de edición 1A ED.
260 ## - PUBLICACIÓN, DISTRIBUCIÓN, ETC.
Lugar de publicación, distribución, etc. MEXICO
260 ## - PUBLICACIÓN, DISTRIBUCIÓN, ETC.
Lugar de publicación, distribución, etc. México
Nombre del editor, distribuidor, etc. EDITORIAL CONTINENTAL
Fecha de publicación, distribución, etc. 1986
300 ## - DESCRIPCIÓN FÍSICA
Extensión 1020
500 ## - NOTA GENERAL
Nota general EN CIBGZ-FIMCP 50052
520 ## - RESUMEN, ETC.
Sumario, etc. LAS BUENAS SEMILLAS SON UN SIMBOLO, ASI COMO TAMBIEN LOS CIMIENTOS DE UNA MEJOR VIDA, QUE NUESTRA GENTE SE HA GANADO. FACTORES BASICOS PARA LA REALIZACION DEL DESEO HUMANO. LAS SEMILLAS PROTEGEN Y SOSTIENEN LA VIDA. SON FORTALEZAS ALTAMENTE ORGANIZADAS
650 ## - PUNTO DE ACCESO ADICIONAL DE MATERIA--TÉRMINO DE MATERIA
Término de materia o nombre geográfico como elemento de entrada SEMILLAS-ENFERMEDADES Y PLAGAS
650 ## - PUNTO DE ACCESO ADICIONAL DE MATERIA--TÉRMINO DE MATERIA
Término de materia o nombre geográfico como elemento de entrada SEMILLAS-PRODUCCION
710 ## - ENTRADA AGREGADA--NOMBRE DE ENTIDAD CORPORATIVA
Nombre de entidad corporativa o nombre de jurisdicción como elemento de entrada DEPARTAMENTO DE AGRICULTURA DE LOS EE. UU. DE AMER
942 ## - ELEMENTOS DE ENTRADA SECUNDARIOS (KOHA)
Tipo de ítem Koha Libros
Existencias
Estatus retirado Estado de pérdida Fuente de la clasificación o esquema de estantería Estado de daño No para préstamo Biblioteca de origen Biblioteca actual Fecha de adquisición Coste, precio normal de compra Etiqueta RFID Total de préstamos Signatura topográfica completa Código de barras Copia número Tipo de ítem Koha Nota pública
    Clasificación Decimal Dewey     FACULTAD DE INGENIERIA MECANICA Y CIENCIAS DE LA PRODUCCION CENTRO DE INFORMACIÓN BIBLIOTECARIA 13/11/2003 25.00 0000000000000000038297   631.521 DEP 50052 2 Libros ESPOL. CIB

Copyright 2025 ESPOL. Todos los derechos reservados.